000 01015nam a2200229 u 4500
001 000790519
003 AM-YeHGA
005 20250618073903.0
008 090130s1987 ru r 000 0 rus d
040 _aAM-YeHGA
041 1 _arus
_heng
100 1 _aԴոյլ, Արթուր Կոնան,
_d1859-1930
_946
245 1 0 _aПодвиги бригадира Жерара ;
_bПриключения бригадира Жерара ; Рассказы : Пер. с англ. /
_cАртур Конан Дойл ; Послесл. Д.М. Урнова; Илл. Е.А. Ведерникова.
260 _aМосква :
_bПравда,
_c1987.
300 _a446 стр. :
_bилл. ;
_c20 см.
440 0 _aМир приключений
650 1 4 _aАнглийская литература
_xРассказ
653 0 _aДетективные романы и рассказы
700 1 _aУрнов, Д.М.
_eавт. послесл
_4aft
700 1 _aВедерников, Е.А.
_eилл.
_4ill
090 _c290194
999 _c288521
_d288521